| 000 | 00496nam a22001577a 4500 | ||
|---|---|---|---|
| 003 | OSt | ||
| 005 | 20150908111023.0 | ||
| 008 | 150908b xxu||||| |||| 00| 0 eng d | ||
| 040 | _cRUA | ||
| 082 | _aAGR ហេង 1992 B005 Or.1 | ||
| 100 |
_9142 _aហេង សុគន្ធា |
||
| 245 | _aស្មៅចង្រៃក្នុងស្រែវស្សា នៅភូមិស្រែអំបិល | ||
| 260 |
_aPhnom Penh _bRUA _c1992 |
||
| 300 |
_a81p. _bill. _c29cm. |
||
| 942 |
_2ddc _cAGR |
||
| 999 |
_c124 _d124 |
||